<?xml version="1.0" encoding="UTF-8"?>
<collection xmlns="http://www.loc.gov/MARC21/slim">
 <record>
  <leader>     na                 </leader>
  <controlfield tag="001">INLIS000000000021706</controlfield>
  <controlfield tag="005">20250604100505</controlfield>
  <datafield tag="035" ind1=" " ind2=" ">
   <subfield code="a">0010-1024000017</subfield>
  </datafield>
  <datafield tag="245" ind1=" " ind2=" ">
   <subfield code="a">Si Kancil Yang Cerdik :</subfield>
   <subfield code="b">dongeng bergambar /</subfield>
   <subfield code="c">Gibran Ar-Rosyid</subfield>
  </datafield>
  <datafield tag="300" ind1=" " ind2=" ">
   <subfield code="a">128 hal ;</subfield>
   <subfield code="c">21 cm x 15 cm</subfield>
  </datafield>
  <datafield tag="260" ind1=" " ind2=" ">
   <subfield code="a">Surabaya :</subfield>
   <subfield code="b">Karya Gemilang Utama</subfield>
  </datafield>
  <datafield tag="082" ind1=" " ind2=" ">
   <subfield code="a">398.2 Gib s</subfield>
  </datafield>
  <datafield tag="084" ind1=" " ind2=" ">
   <subfield code="a">398.2 Gib s</subfield>
  </datafield>
  <controlfield tag="008">250604                           1 ind  </controlfield>
  <datafield tag="250" ind1=" " ind2=" ">
   <subfield code="a">Cet.1</subfield>
  </datafield>
  <datafield tag="650" ind1=" " ind2="4">
   <subfield code="a">anak</subfield>
  </datafield>
  <datafield tag="990" ind1=" " ind2=" ">
   <subfield code="a">0.0823</subfield>
  </datafield>
  <datafield tag="990" ind1=" " ind2=" ">
   <subfield code="a">0.0824</subfield>
  </datafield>
 </record>
</collection>
